Movies Quiz

Random Movies Quiz

Ramona and Beezus Movie Quiz Stats

 Plays Quiz not verified by Sporcle

Challenge
Share
Tweet
Embed
Score 0/15 Timer 05:00
0 Plays Today
Question Answer % Correct
Who played Beezus?Selena Gomez
90.8%
Who played Ramona?Joey King
81.8%
Who gets married in the movie?Aunt Bea and Hobart
80.4%
What is Beezus' real name?Beatrice
73.5%
What is the cat's name?Picky Picky
68.6%
What job does the Dad at the end of the movie?Art Teacher
66.3%
What is Ramona's last name?Quimby
63.4%
What is the little sister's name?Roberta
62.8%
Question Answer % Correct
Who is Ramona's best male friend?Howie
59.1%
What state are Hobart and Bea going to visit?Alaska
57.3%
What part does Bridget Monihan play?Mom
51.3%
What part does John Corbett play?Dad
49%
What did Ramona show her class?The longest picture in the world
44.1%
What is Henry's last name?Huggins
40.6%
What job does Susan's Mom have?Real Estate Broker
38.3%

You're not logged in!

Compare scores with friends on all Sporcle quizzes.
OR
Log In

You Might Also Like...

Show Comments

Extras

Created Jan 18, 2011ReportNominate
Tags:ramona

Top Quizzes Today


Score Distribution

Your Account Isn't Verified!

In order to create a playlist on Sporcle, you need to verify the email address you used during registration. Go to your Sporcle Settings to finish the process.

Report this User

Report this user for behavior that violates our Community Guidelines.

Details: